Földrengés őrmezőn

Opis zemetrasenia v Strážskom [8.05.1914]. Dva silné pohyby počas ktorých praskali múry domov a zo sochy sv. Jána na Hlavnej ulici odpadla ruka.

Podrobná bibliografia
Médium: Článok
Jazyk:Hungarian
Témy:
Zdroj: 1. Felvidéki Hirlap 1. Roč. 7, č. 18 (10.05.1914) s. 2
LEADER 00851nab#a2200301#ar4500
001 000074483
003 SVKKK
005 20041220xxxxxxx.
008 06 c xo huno
FMT
038 |a SVKKK 
040 |a SVKKK  |b slo  |e AACR2 
041 0 |a hun 
044 |a xo  |c SK 
080 |a 550.349 
242 1 0 |a Zemetrasenie v Strážskom 
245 0 0 |a Földrengés őrmezőn 
500 |a mikrofilm 
520 2 |a Opis zemetrasenia v Strážskom [8.05.1914]. Dva silné pohyby počas ktorých praskali múry domov a zo sochy sv. Jána na Hlavnej ulici odpadla ruka. 
650 0 4 |a zemetrasenie - Strážske (Mi) - [8.05.1914] - opisy 
773 0 |t Felvidéki Hirlap  |g Roč. 7, č. 18 (10.05.1914) s. 2 
957 |a Strážske 
958 |a DG 
958 |a SK 
974 |a Ba  |d 20041220 
992 |a RBX 
BAS
998 |a RETRO